000 01009nam a22003137a 4500
003 CHAP
005 20220329134600.0
008 971013s1961 r 00010 d
010 _a22515
011 _a23487
035 _a27583
040 _cCHAP
082 _a332.11026
_bA83
100 0 0 _aAufricht, Hans.
_98322
245 _aCentral banking legislation
_b: a collection of central bank, monetary and banking laws
260 _aWashington :
_bInternational Monetary Fund,
_c1961
300 _a1012 p
590 _aBATCH-UPD
_b10
_c20130110
_lUCH01
_h0133
590 _aBATCH-UPD
_b10
_c20130110
_lUCH01
_h2242
590 _aBATCH-UPD
_b10
_c20130409
_lUCH01
_h2130
590 _aBATCH-UPD
_b10
_c20130914
_lUCH01
_h0529
590 _aCONVERSION
_b10
_c20130109
_lUCH01
_h1313
650 1 4 _aBanca Central.
_99796
650 1 4 _aBanca Central
_xMéxico.
_99801
650 1 4 _aDerecho bancario.
_931880
901 _aBK
942 _cLIBRO
949 _a332.11026 A83
_bBC
_cLIBRO
_d33724000336756
_eLIBRO
_i27583
_mD
_si
999 _c22515
_d22515